Logical framework approach : A flexible tool for participatory development
It is offered as a resource book providing guidance for people working with development and change, whether or not Danida - or any other donor - is involved.
Đã lưu trong:
| Formáid: | Leabhar |
|---|---|
| Teanga: | Undetermined |
| Foilsithe: |
Denmark
LFA
1995
|
| Ábhair: | |
| Clibeanna: |
Cuir Clib Leis
Gan Chlibeanna, Bí ar an gcéad duine leis an taifead seo a chlibeáil!
|
| Thư viện lưu trữ: | Trung tâm Học liệu Trường Đại học Cần Thơ |
|---|
| LEADER | 00881nam a2200229Ia 4500 | ||
|---|---|---|---|
| 001 | CTU_141719 | ||
| 008 | 210402s9999 xx 000 0 und d | ||
| 082 | |a 338.9 | ||
| 082 | |b L831 | ||
| 245 | 0 | |a Logical framework approach : | |
| 245 | 2 | |b A flexible tool for participatory development | |
| 245 | 0 | |c Foreword by Danida | |
| 260 | |a Denmark | ||
| 260 | |b LFA | ||
| 260 | |c 1995 | ||
| 520 | |a It is offered as a resource book providing guidance for people working with development and change, whether or not Danida - or any other donor - is involved. | ||
| 526 | |a Quản lý tài nguyên thiên nhiên và suy nghĩ hệ thống | ||
| 526 | |b TN709 | ||
| 650 | |a Đề án phát triển kinh tế,Economic development projects | ||
| 650 | |x Kế hoạch,Planning | ||
| 904 | |i Trọng Hải | ||
| 980 | |a Trung tâm Học liệu Trường Đại học Cần Thơ | ||